| 000 | 00749nam a22002297a 4500 | ||
|---|---|---|---|
| 003 | dpl | ||
| 005 | 20180702105112.0 | ||
| 008 | 180524b xxu||||| |||| 00| 0 eng d | ||
| 010 | _aB-163293, 163328 | ||
| 020 |
_c595.00 _a0195670086 |
||
| 035 | _aB-163326 | ||
| 037 | _bCen Lib/Ret | ||
| 040 |
_aDPL _bEN _c0 |
||
| 082 |
_a882.08 _bSTA |
||
| 245 |
_aStaging resistanace play by women in translation / _cedited with an introduction by Tutun Mukherjee |
||
| 260 |
_aNew Delhi _bOxford university press _c2005 |
||
| 270 |
_aYMCA Library Building Jai Singh Road _bNew Delhi _e110001 |
||
| 300 |
_ax, 551. : _c21cm(Hb) _bill. |
||
| 650 |
_aWomen -Theater _914940 |
||
| 650 |
_aIndic drama _914941 |
||
| 942 |
_2ddc _cEN _h882.08 _mSTA |
||
| 999 |
_c125612 _d125612 |
||